"Everybody likes beer" - Hungarian secondary school students' stereotypes associated with different English accent variety speakers

The general aim of the paper is to show Hungarian secondary school English language learners' stereotypical images of speakers of five different non-native English accent varieties. The participants of the study (N=402) completed a trait attribution task, i.e. they had to select characteristic...

Teljes leírás

Elmentve itt :
Bibliográfiai részletek
Szerző: Balogh Erzsébet
Dokumentumtípus: Cikk
Megjelent: LoGoS Kutatócsoport Szegedi Tudományegyetem, Angoltanár-képző és Alkalmazott Nyelvészeti Tanszék Szeged 2015
Sorozat:EduLingua 1 No. 2
Kulcsszavak:Alkalmazott nyelvészet - tanulmányok, Angol nyelv tanulása - középiskola
Tárgyszavak:
doi:10.14232/edulingua.2015.2.2

Online Access:http://acta.bibl.u-szeged.hu/46433
LEADER 01982nab a2200229 i 4500
001 acta46433
005 20250620081535.0
008 170306s2015 hu o 000 eng d
022 |a 2415-945X 
024 7 |a 10.14232/edulingua.2015.2.2  |2 doi 
040 |a SZTE Egyetemi Kiadványok Repozitórium  |b hun 
041 |a eng 
100 1 |a Balogh Erzsébet 
245 1 0 |a "Everybody likes beer" - Hungarian secondary school students' stereotypes associated with different English accent variety speakers  |h [elektronikus dokumentum] /  |c  Balogh Erzsébet 
260 |a LoGoS Kutatócsoport Szegedi Tudományegyetem, Angoltanár-képző és Alkalmazott Nyelvészeti Tanszék  |b Szeged  |c 2015 
300 |a 15-32 
490 0 |a EduLingua  |v 1 No. 2 
520 3 |a The general aim of the paper is to show Hungarian secondary school English language learners' stereotypical images of speakers of five different non-native English accent varieties. The participants of the study (N=402) completed a trait attribution task, i.e. they had to select characteristic features they associated with the speaker from a given set of features. The study shows what stereotypical images Hungarian secondary school students assign to a male speaker who speaks with different English accent varieties with reference to the speaker's age, height, hair length and color, marital status, preferences in food or drinks, and the clothes he is wearing. Overall, the results display that Hungarian secondary school students associate different stereotypes with the different English accent variety speakers. Furthermore, in some cases, there are also differences in the stereotypes associated with the speakers based on two variables, namely the participants' sex and age. 
650 4 |a Társadalomtudományok 
650 4 |a Oktatástudomány 
695 |a Alkalmazott nyelvészet - tanulmányok, Angol nyelv tanulása - középiskola 
856 4 0 |u http://acta.bibl.u-szeged.hu/46433/1/edulingua_2015_002_015-032.pdf  |z Dokumentum-elérés